Política y gestión universitaria

Saved in:
Bibliografiske detaljer
Institution som forfatter: Centro Interuniversitario de Desarrollo (Author)
Format: Bog
Sprog:spansk
Udgivet: Santiago CINDA 1994
Serier:Colección Gestión Universitaria
Fag:
Tags: Tilføj Tag
Ingen Tags, Vær først til at tagge denne postø!

MARC

LEADER 00000cam a2200000 a 4500
001 UCK9895
003 CL-VaPUC
008 060609e19940000CL |||||||||||||||||spa|d
020 |a 9567106215 
082 0 4 |a 378.006  |b CEN  |2 21 
110 2 |a Centro Interuniversitario de Desarrollo  |e author  |9 499787 
245 1 0 |a Política y gestión universitaria 
300 |a 448 p 
942 |c BK 
945 |d 20060609 00:00:00  |a jtorresc 
260 |a Santiago  |b CINDA  |c 1994 
650 0 |a Universidades  |9 256317 
650 0 |a Gestión pública  |9 388888 
650 0 |a Política educacional  |9 308011 
650 0 |a Administración de la enseñanza   |9 261034 
650 0 |a Gestión educacional   |9 261035 
650 0 |a Educación superior   |9 223851 
651 7 |a CHILE  |2 CL-VaPUC  |9 499788 
583 |a last modification  |c 20170427 10:47:23  |k Rodrigo Vera 
490 0 |a Colección Gestión Universitaria 
999 |c 316896  |d 316894 
952 |0 0  |1 0  |4 0  |6 378_006000000000000_CEN_1994  |7 0  |8 A  |9 392464  |a BIBGIM  |b BIBGIM  |d 2019-11-22  |i 4240464  |o 378.006 CEN 1994  |p 4240464  |r 2025-01-15  |w 2019-11-22  |y BK  |k GIM 
952 |0 0  |1 0  |2 ddc  |4 0  |6 378_006000000000000_CEN_1994  |7 0  |8 A  |9 392465  |a BIBALI  |b BIBALI  |c GEN  |d 2019-11-22  |i 4240286  |o 378.006 CEN 1994  |p 4240286  |r 2025-01-20  |w 2019-11-22  |y BK  |k ALI 
952 |0 0  |1 0  |4 0  |6 378_006000000000000_CEN_1994  |7 0  |8 A  |9 392466  |a BIBCUR  |b BIBCUR  |d 2019-11-22  |i 4240561  |o 378.006 CEN 1994  |p 4240561  |r 2025-04-22  |w 2019-11-22  |y BK  |k BCB 
952 |0 0  |1 0  |4 0  |6 378_006000000000000_CEN_1994  |7 0  |8 P  |9 392467  |a BIBEDU  |b BIBEDU  |c BIBEDU_PB  |d 2019-11-22  |i 4240669  |o 378.006 CEN 1994  |p 4240669  |r 2024-01-25  |w 2019-11-22  |y BK  |k EDU 
952 |0 0  |1 0  |4 0  |6 378_006000000000000_CEN_1994  |7 0  |8 ED_SUP  |9 392468  |a BIBGIM  |b BIBGIM  |c S_PSTGRDO  |d 2019-11-22  |i 4835611  |o 378.006 CEN 1994  |p 4835611  |r 2025-01-15  |w 2019-11-22  |y BK  |k ESU